000 00915nam a2200265 i 4500
001 171288
003 ES-MaACL
005 20250808062759.0
008 090508s1966 sp |||| | spa d
017 _aM 1542-1958
100 0 _aAgustín
_cSanto, Obispo de Hipona.
_9125563
245 1 0 _aObras de San Agustín.
_nT. XXI /
_cedición preparada por Balbino Martín Pérez.
250 _aEd. bilingüe.
260 _aMadrid :
_b[La Editorial Católica],
_c1966.
300 _a1033 p. ;
_c20 cm.
490 1 _aBiblioteca de autores cristianos ;
_v246
500 _aÍndice.
505 8 _aContiene : Enarraciones sobre los Salmos (3º)
546 _aTexto en latín y traducción en castellano.
700 1 _aMartín Pérez, Balbino
_b(O.S.A.)
_977605
830 0 0 _aBiblioteca de autores cristianos
_v246
_9178679
852 _aES-MaACL
_jJ-250
_9R.46092
999 _c171288
_d171288